Časti strojov 2,3

Saved in:
Bibliographic Details
Main Authors: Novák, Vítězslav (Author), Šlégl, Miroslav (Author), Bartoš, Josef (Author)
Format: Book
Language:Slovak
Published: Bratislava-Praha : Alfa-SNTL, 1972
Edition:1.
Subjects:
Tags: Add Tag
No Tags, Be the first to tag this record!

MARC

LEADER 00000nam a22000003a 4500
001 stu51872
005 20150617225707.2
008 000201s1972----cs------------------slo-d
040 |a STU  |b slo 
041 0 |a slo 
044 |a cs 
080 |a 621.81(075.3) 
100 1 |a Novák, Vítězslav  |4 aut 
245 1 |a Časti strojov 2,3 
250 |a 1. 
260 |a Bratislava-Praha :  |b Alfa-SNTL,  |c 1972 
300 |a 588 s 
650 7 |a Stroje-časti-učeb.SŠ  |2 stusub 
700 1 |a Šlégl, Miroslav  |4 aut 
700 1 |a Bartoš, Josef  |4 aut 
996 |b 284M024849  |c M*9884-1  |l MMKN  |s A  |a 24  |w stu51872_0001